Trockungstechnik. 2. Band: Trockner und Trocknungsverfahren /

Gespeichert in:
Bibliographische Detailangaben
1. Verfasser: Kröll, Karl (Verfasst von)
Format: Buch
Sprache:Deutsch
Veröffentlicht: Berlin : Springer Verlag, 1978
Ausgabe:2. Auflage
Tags: Tag hinzufügen
Keine Tags, Fügen Sie das erste Tag hinzu!

MARC

LEADER 00000nam a22000003a 4500
001 stu32621
005 20150617225732.1
008 971202s1978----gw------------------ger-d
020 |a 3-540-08108-9 
040 |a STU  |b slo 
041 0 |a ger 
044 |a gw 
080 |a 66.047 
100 1 |a Kröll, Karl  |4 aut 
245 1 |a Trockungstechnik. 2. Band: Trockner und Trocknungsverfahren /  |c [aut.] Kröll,Karl 
250 |a 2. Auflage 
260 |a Berlin :  |b Springer Verlag,  |c 1978 
300 |a 654 s 
996 |b J93258  |c J*93258  |l JJK5  |s P  |a 0  |w stu32621_0001